Estado y grupos sociales: notas para un estudio de caso

Kaydedildi:
Detaylı Bibliyografya
Yazar: González Quiesu, Luis
Materyal Türü: Metin
Baskı/Yayın Bilgisi: Quito :
Etiketler: Etiketle
Etiket eklenmemiş, İlk siz ekleyin!

MARC

LEADER 00000 a a2200000 04500
001 16146
003
040 |a CRAI/IIS  |c CRAI/IIS 
090 |a 012800  
100 |a González Quiesu, Luis  
245 |a Estado y grupos sociales: notas para un estudio de caso  
260 |a Quito :  
300 |a 42 p.  
999 |c 7820  |d 7820